000 00585nam a2200193 a 4500
001 15293
003 CO-ViMGA
008 141112s2004 ck r 000 u spa d
020 _a9562580725
040 _aCO-ViMGA
_bspa
_cCO-ViMGA
082 0 4 _aMEVIGAPOR.19 B877a
100 1 _aBustos M., Renato
_922217
245 1 0 _aAño 2000 :
_bEl error del siglo , terremoto informatico
260 _aSantiago de Chile,
_cGrijalbo,
_c1998
300 _a134.p.
650 1 4 _aAÑO 2000 - SISTEMAS DIGITALES
_922218
650 1 4 _aINFORMATICA - SIGLO XXI - ASPECTOS SOCIALES
_922219
942 _2ddc
_cBK
999 _c25656
_d25656